00396nam a2200157Ia 4500008004100000020001500041041001200056082001100068100001700079245005600096250000800152260003900160300000800199650001500207700001600222221030s9999 xx 000 0 und d a8177582380 aEnglish a105.23 aT. D. Eastop 0aApplied Thermodynamics For Engineeing Technologists a5th bPearson EdcuationaNew Delhic2007 a735 aMechanical aA. McConkey